[Event "AUTO-ADV-3442"]
[Site "http://www.queenalice.com/game.php?id=1367805"]
[Date "2015.6.27"]
[Round "1"]
[White "TorresR"]
[Black "cucalegal"]
[Result "0-1"]
[WhiteElo "1872"]
[BlackElo "1851"]

1. e4 Nc6 2. Nc3 e5 3. Nf3 f6 4. Bc4 Nge7 5. Nh4 g6 6. Qf3 Bg7 7. d3 Nd4 8. Qd1
c6 9. Ne2 b5 10. Bb3 a5 11. c3 Nxe2 12. Qxe2 a4 13. Bc2 g5 14. Qh5+ Kf8 15. Nf3
Qe8 16. Qxe8+ Kxe8 17. Be3 Bh6 18. h4 g4 19. Nh2 Bxe3 20. fxe3 h5 21. g3 a3 22.
Bb3 axb2 23. Rb1 f5 24. Rxb2 Ba6 25. d4 exd4 26. exd4 fxe4 27. Nf1 Rf8 28. Ne3
Rf3 29. Ke2 b4+ 30. c4 Rxg3 31. Kf2 Rf3+ 32. Ke2 g3 33. Rh3 Ng6 34. Ke1 Rxe3+
0-1

[Event "AUTO-ADV-3442"]
[Site "http://www.queenalice.com/game.php?id=1367806"]
[Date "2015.6.27"]
[Round "1"]
[White "cucalegal"]
[Black "TorresR"]
[Result "1-0"]
[WhiteElo "1873"]
[BlackElo "1725"]

1. Nf3 g5 2. Nxg5 c5 3. Ne4 d6 4. h3 Bg7 5. c3 Nc6 6. Qa4 Bd7 7. Qb3 Nh6 8. g4
O-O 9. c4 Nd4 10. Qd3 f5 11. Ng3 f4 12. Ne4 f3 13. e3 Nc6 14. Ng5 Ne5 15. Qxh7#
1-0

[Event "AUTO-ADV-3442"]
[Site "http://www.queenalice.com/game.php?id=1367819"]
[Date "2015.6.27"]
[Round "1"]
[White "Betim_Xadrez"]
[Black "cucalegal"]
[Result "1-0"]
[WhiteElo "1750"]
[BlackElo "1872"]

1. e4 e5 2. Nf3 f6 3. Nxe5 fxe5 4. Qh5+ g6 5. Qxe5+ Qe7 6. Qxh8 Qxe4+ 7. Be2
Qxc2 8. O-O Ne7 9. Qxh7 Qe4 10. Nc3 Qe5 11. b3 c6 12. Bb2 d5 13. Rfe1 Qg5 14. d4
b5 15. Bf3 Bf5 16. Bc1 Nd7 17. Bxg5 Nb6 18. Rxe7+ Kd8 19. Rxa7+ Kc8 20. Qc7# 1-0

[Event "AUTO-ADV-3442"]
[Site "http://www.queenalice.com/game.php?id=1367820"]
[Date "2015.6.27"]
[Round "1"]
[White "cucalegal"]
[Black "Betim_Xadrez"]
[Result "0-1"]
[WhiteElo "1776"]
[BlackElo "1787"]

1. Nf3 Nf6 2. Nc3 d5 3. Nd4 g6 4. h3 Bg7 5. e3 O-O 6. Bd3 c5 7. Nf3 Nc6 8. g4 h6
9. g5 hxg5 10. Nxg5 d4 11. exd4 cxd4 12. Ne2 Ne5 13. Nf4 Nxd3+ 14. Nxd3 Qd5 15.
Rg1 Bh6 16. h4 Re8 17. b3 e5 18. c4 dxc3 19. dxc3 Rd8 20. Be3 Qxd3 21. Qxd3 Rxd3
0-1

[Event "AUTO-ADV-3442"]
[Site "http://www.queenalice.com/game.php?id=1367829"]
[Date "2015.6.27"]
[Round "1"]
[White "cucalegal"]
[Black "tewald"]
[Result "0-1"]
[WhiteElo "1753"]
[BlackElo "2021"]

1. Nf3 Nf6 2. Nc3 d5 3. Nd4 e5 4. Nf3 Nc6 5. d4 e4 6. Ne5 Bb4 7. a3 Bd6 8. Nxc6
bxc6 9. e3 c5 10. dxc5 Bxc5 11. Bb5+ Bd7 12. Bxd7+ Qxd7 13. b4 Bd6 14. Nxd5 Nxd5
15. Bb2 Nf6 16. h3 Qe6 17. g4 Rd8 18. Qe2 Be5 19. Bxe5 Qxe5 20. Rd1 Qc3+ 21. Kf1
Rxd1+ 22. Qxd1 O-O 23. Qe2 Qxa3 24. Qc4 Qa1+ 25. Kg2 Qe5 26. Rd1 h6 27. f4 exf3+
28. Kxf3 Qh2 29. Qf4 Qxh3+ 30. Ke2 Qg2+ 31. Ke1 Nxg4 32. Rd2 Qg1+ 33. Ke2 Re8
34. Rd3 Qg2+ 35. Kd1 Nf2+ 36. Kd2 Nh3+ 37. Kc3 Nxf4 38. exf4 Re2 39. Rd8+ Kh7
40. Kc4 Rxc2+ 0-1

[Event "AUTO-ADV-3442"]
[Site "http://www.queenalice.com/game.php?id=1367830"]
[Date "2015.6.27"]
[Round "1"]
[White "tewald"]
[Black "cucalegal"]
[Result "1-0"]
[WhiteElo "2004"]
[BlackElo "1791"]

1. d4 d5 2. Bf4 e6 3. e3 g5 4. Bg3 a6 5. Nf3 f6 6. h3 h5 7. c4 h4 8. Bh2 Nc6 9.
cxd5 exd5 10. Nc3 b5 11. Qc2 Nge7 12. O-O-O Bf5 13. Qd2 g4 14. hxg4 Bxg4 15. Be2
h3 16. g3 Bh6 17. Ng1 f5 18. f3 Bh5 19. Nxh3 Qd7 20. Nf4 Bf7 21. g4 Rg8 22. Nh5
Rg6 23. gxf5 Nxf5 24. Rhg1 Rxg1 25. Nf6+ Ke7 26. Nxd7 Rxd1+ 27. Nxd1 Kxd7 28.
Bg1 Ncxd4 29. f4 Nxe2+ 30. Qxe2 Rg8 31. Bh2 Re8 32. Qd3 Be6 33. Nc3 Ne7 34. Bg3
Bg7 35. Bh4 c6 36. Bxe7 Rxe7 37. e4 Kc7 38. e5 Bh6 39. Ne2 Rf7 40. Qg6 1-0

[Event "AUTO-OPEN-3504"]
[Site "http://www.queenalice.com/game.php?id=1367847"]
[Date "2015.6.27"]
[Round "1"]
[White "CCapivara"]
[Black "cucalegal"]
[Result "1-0"]
[WhiteElo "2213"]
[BlackElo "1871"]

1. e4 Nc6 2. d4 e5 3. dxe5 Nxe5 4. Nf3 Nxf3+ 5. Qxf3 Bd6 6. Bc4 Qe7 7. Nc3 c6 8.
O-O Nh6 9. Bxh6 gxh6 10. Rfe1 b5 11. Bb3 Rf8 12. Rad1 Be5 13. a3 d6 14. Rd3 Bd7
15. Red1 Be6 16. Bxe6 Qxe6 17. b3 a6 18. Ne2 a5 19. Nd4 Bxd4 20. Rxd4 Rd8 21. c4
bxc4 22. bxc4 c5 23. Rd5 Rg8 24. e5 Rg5 25. exd6 Rxd5 26. Qxd5 Qe2 27. d7+ Kf8
28. Qxc5+ Kg8 29. Qd6 Kg7 30. g3 h5 31. h4 Qxc4 32. Qe5+ Kf8 33. Qh8+ Ke7 34.
Re1+ Kxd7 35. Rd1+ Ke6 36. Qxd8 Qc5 37. Re1+ Kf5 38. Qg5# 1-0

[Event "AUTO-OPEN-3504"]
[Site "http://www.queenalice.com/game.php?id=1367848"]
[Date "2015.6.27"]
[Round "1"]
[White "cucalegal"]
[Black "CCapivara"]
[Result "0-1"]
[WhiteElo "1869"]
[BlackElo "2215"]

1. Nf3 d5 2. Nd4 e5 3. Nf3 e4 4. Nd4 Nc6 5. Nxc6 bxc6 6. d4 Nf6 7. h3 Bd6 8. a3
O-O 9. e3 Be6 10. g4 c5 11. dxc5 Bxc5 12. b4 Bb6 13. a4 a5 14. Ba3 axb4 15. Bxb4
Ba5 16. Bxa5 Rxa5 17. Bb5 c5 18. c3 Qb6 19. Na3 Rd8 20. g5 Nd7 21. Rb1 Ne5 22.
h4 Nf3+ 23. Kf1 Qd6 24. Ke2 d4 25. exd4 cxd4 26. cxd4 Qxa3 27. Rb4 Qxb4 28. Ke3
Rxd4 29. Qc1 Bc4 30. Kf4 Bxb5 31. Qc8+ Qf8 32. Qc7 Raxa4 33. Rb1 Rab4 34. Rc1
Rdc4 35. Rxc4 Rxc4 36. Qa5 Qd6+ 37. Kg4 Bd7+ 38. Kh5 Qg6# 0-1

[Event "AUTO-OPEN-3504"]
[Site "http://www.queenalice.com/game.php?id=1367873"]
[Date "2015.6.27"]
[Round "1"]
[White "cucalegal"]
[Black "carver"]
[Result "0-1"]
[WhiteElo "1784"]
[BlackElo "1996"]

1. Nf3 d5 2. Nd4 e5 3. Nf3 Nc6 4. c3 Nf6 5. d3 h6 6. h3 Bc5 7. b4 Bd6 8. Qa4 O-O
9. g4 Nh7 10. Qb3 Be6 11. Qd1 e4 12. dxe4 dxe4 13. Nd4 Nxd4 14. cxd4 Bxb4+ 15.
Nd2 Qxd4 16. Rb1 Bxa2 17. e3 Bxd2+ 18. Bxd2 Qd5 19. Rxb7 Qxb7 20. Bg2 Qb1 21.
Qxb1 Bxb1 22. Ke2 Bd3+ 23. Kd1 a5 24. f3 Ng5 25. f4 Nf3 26. Bf1 Bxf1 27. Rxf1
Rfb8 28. Kc2 a4 29. Bc3 a3 30. Rb1 Rxb1 0-1

[Event "AUTO-OPEN-3504"]
[Site "http://www.queenalice.com/game.php?id=1367874"]
[Date "2015.6.27"]
[Round "1"]
[White "carver"]
[Black "cucalegal"]
[Result "1-0"]
[WhiteElo "1984"]
[BlackElo "1884"]

1. d4 d5 2. c4 dxc4 3. Nc3 Bd7 4. a4 a5 5. e4 e6 6. Bxc4 Bb4 7. Nf3 h6 8. O-O g5
9. Ne5 h5 10. Qf3 f6 11. Nd3 Nc6 12. Ne2 Qe7 13. b3 e5 14. Bxg8 Rxg8 15. Qxh5+
Kd8 16. d5 Nd4 17. Nxd4 exd4 18. Nxb4 axb4 19. Qe2 Qe5 20. Bb2 g4 21. Qd3 c5 22.
Rae1 Rh8 23. Qg3 Qxg3 24. fxg3 Rf8 25. e5 Be8 26. e6 Ke7 27. Bc1 Rd8 28. Rf4
Rxd5 29. Rxg4 d3 30. Rg7+ Kd8 31. e7+ 1-0

[Event "Challenge"]
[Site "http://www.queenalice.com/game.php?id=1369542"]
[Date "2015.7.4"]
[Round "-"]
[White "ledeon"]
[Black "cucalegal"]
[Result "1-0"]
[WhiteElo "2024"]
[BlackElo "1798"]

1. d4 d5 2. Nf3 f6 3. e3 a6 4. Nh4 g6 5. Bd3 e6 6. Nc3 f5 7. Nf3 Bd6 8. O-O g5
9. b3 b5 10. Bb2 g4 11. Ne1 Nc6 12. a4 b4 13. Ne2 Qh4 14. g3 Qf6 15. f3 Qg5 16.
Bc1 e5 17. dxe5 Bxe5 18. f4 Bxf4 19. Nxf4 Qf6 20. Rb1 Nge7 21. Bb2 d4 22. exd4
Nxd4 23. Bb5+ axb5 24. Bxd4 Qf8 25. Bxh8 Qxh8 26. axb5 Qe5 27. Ned3 Qe3+ 28. Rf2
Bb7 29. Nxb4 Qe4 30. Nc6 Nxc6 31. Re2 Nb4 32. Rxe4+ Bxe4 33. Nd3 Rd8 34. Nxb4
Rxd1+ 35. Rxd1 Ke7 36. Nd5+ Kd8 37. Nf6+ Kc8 38. Nxe4 fxe4 39. Rd4 e3 40. Rxg4
1-0